[Event "37th Asia-ch U20"]
[Site "Bishkek KGZ"]
[Date "2015.10.10"]
[Round "8.1"]
[White "Sezdbekov, Ruslan"]
[Black "Mosadeghpour, Masoud"]
[Result "0-1"]
[WhiteElo "1818"]
[BlackElo "2420"]
[EventDate "2015.10.03"]
[PlyCount "102"]

1.e4 e5 2.Nf3 Nf6 3.Nxe5 d6 4.Nf3 Nxe4 5.Nc3 Nxc3 6.dxc3 Be7 7.Be3 O-O 8.
Qd2 Nc6 9.O-O-O a5 10.h4 a4 11.a3 Ra5 12.Bd3 Bg4 13.c4 Bf6 14.Be4 Rh5 15.
Bg5 Bxf3 16.gxf3 Re8 17.Rdg1 h6 18.Bf4 Kf8 19.Kb1 Qd7 20.Bg3 b5 21.c5 Rxc5
22.c3 Ne5 23.Bxe5 Rcxe5 24.Rd1 d5 25.Bc2 c6 26.Qd3 Qd6 27.Qh7 Qc5 28.Rhf1 
Re2 29.Rc1 Ke7 30.Bd3 Rxf2 31.Rfe1+ Kd8 32.Rxe8+ Kxe8 33.Qf5 Qe3 34.Qc8+ 
Ke7 35.Bf5 g6 36.Bd7 Be5 37.Qxc6 Kf8 38.Qxb5 d4 39.Qb4+ Kg7 40.cxd4 Bxd4 
41.Rc2 Rf1+ 42.Ka2 Qg1 43.Bxa4 Ra1+ 44.Kb3 Qe3+ 45.Kc4 Rd1 46.Qb5 Bf6 47.
Qc5 Qe6+ 48.Kb5 Rd5 49.b3 Be7 50.Qxd5 Qxd5+ 51.Kb6 Bxa3 0-1

[Event "37th Asia-ch U20"]
[Site "Bishkek KGZ"]
[Date "2015.10.10"]
[Round "8.2"]
[White "Harsha, Bharathakoti"]
[Black "Sunilduth Lyna, Narayanan"]
[Result "1/2-1/2"]
[WhiteElo "2384"]
[BlackElo "2476"]
[EventDate "2015.10.03"]
[PlyCount "93"]

1.Nf3 Nf6 2.c4 g6 3.d4 Bg7 4.g3 O-O 5.Bg2 c5 6.d5 d6 7.Nc3 e6 8.O-O exd5 
9.cxd5 Nbd7 10.Bf4 Qe7 11.a4 Ng4 12.Bg5 f6 13.Bd2 f5 14.Ng5 Nde5 15.Ne6 
Bxe6 16.dxe6 Nf6 17.Nd5 Nxd5 18.Bxd5 Nc6 19.a5 Rac8 20.Rb1 Kh8 21.b4 cxb4 
22.Bxb4 f4 23.Bd2 fxg3 24.hxg3 Rc7 25.Be3 Nxa5 26.Bxa7 Nc6 27.Bb6 Rcc8 28.
Qb3 h5 29.Be3 Qf6 30.Qxb7 Ne7 31.Bb3 Rb8 32.Qe4 Rb5 33.Qd3 Rfb8 34.Ba2 
Rxb1 35.Rxb1 Rxb1+ 36.Qxb1 d5 37.Qb6 h4 38.gxh4 Qxh4 39.Qd8+ Kh7 40.Bxd5 
Qg4+ 41.Kf1 Qh3+ 42.Ke1 Bc3+ 43.Kd1 Bf6 44.Bc4 Qh1+ 45.Kc2 Qc6 46.Qd3 Nf5 
47.Qd7+ 1/2-1/2

[Event "37th Asia-ch U20"]
[Site "Bishkek KGZ"]
[Date "2015.10.10"]
[Round "8.3"]
[White "Javanbakht, Nima"]
[Black "Chakravarthi Reddy, M"]
[Result "1-0"]
[WhiteElo "2401"]
[BlackElo "2195"]
[EventDate "2015.10.03"]
[PlyCount "54"]

1.d4 d5 2.c4 c6 3.Nf3 Nf6 4.Nc3 a6 5.Bg5 Ne4 6.h4 Nxc3 7.bxc3 dxc4 8.g3 
Be6 9.Bg2 f6 10.Bf4 Nd7 11.O-O Bf7 12.e4 Qa5 13.Qb1 O-O-O 14.Bh3 e6 15.a4 
Rg8 16.Qb2 g5 17.Rfb1 b6 18.Nd2 e5 19.Be3 exd4 20.cxd4 Kc7 21.d5 cxd5 22.
Bxd7 Bc5 23.Nxc4 dxc4 24.Bd2 Qxd2 25.Qxd2 Rxd7 26.Qc1 Bh5 27.Qxc4 Bf7 1-0

[Event "37th Asia-ch U20"]
[Site "Bishkek KGZ"]
[Date "2015.10.10"]
[Round "8.4"]
[White "Taalaibekov, Tagir"]
[Black "Yuan Qingyu"]
[Result "1/2-1/2"]
[WhiteElo "2202"]
[BlackElo "2382"]
[EventDate "2015.10.03"]
[PlyCount "157"]

1.d4 Nf6 2.Nf3 e6 3.c4 b6 4.a3 Bb7 5.Nc3 d5 6.cxd5 Nxd5 7.Bd2 Be7 8.Qc2 
O-O 9.e4 Nxc3 10.Bxc3 c5 11.dxc5 bxc5 12.Be2 Nc6 13.Rd1 Qb6 14.O-O Rfd8 
15.Qa4 Rac8 16.h3 Bd6 17.Bb5 Bc7 18.b4 Nd4 19.Bxd4 cxd4 20.Bd7 Bxe4 21.
Nxd4 Ra8 22.Bc6 Rac8 23.Bd7 Ra8 24.Bc6 Rac8 25.b5 e5 26.Bxe4 exd4 27.Bc6 
d3 28.Qg4 Qd4 29.Qxd4 Rxd4 30.Rfe1 Kf8 31.Re3 Rcd8 32.Kf1 g6 33.Bf3 Ba5 
34.Re4 Bc3 35.Rxd4 Rxd4 36.Rc1 Bb2 37.Rc8+ Kg7 38.Rc7 d2 39.Bd1 Re4 40.Be2
Ra4 41.Rc2 Bc1 42.Ra2 Kf6 43.Bd1 Re4 44.Be2 Rd4 45.Bd1 Ke5 46.a4 Rb4 47.f3
Kd4 48.Ke2 h6 49.Rc2 Rc4 50.Rxc4+ Kxc4 51.Ke3 Kb4 52.Kd3 f6 53.h4 Kc5 54.
Kc3 Kd5 55.g3 Kc5 56.Kd3 Kd5 57.Ke3 Kc4 58.h5 gxh5 59.Ke4 Bb2 60.Kf5 Kd3 
61.Kg6 Ke3 62.a5 Bc3 63.b6 a6 64.b7 Be5 65.f4 Bb8 66.Kxh5 Kf2 67.Kxh6 Kxg3
68.Kg6 Kxf4 69.Kxf6 Ke4 70.Ke6 Kd4 71.Kd7 Kc5 72.Kc8 Bh2 73.b8=Q Bxb8 74.
Kxb8 Kb5 75.Kb7 Kxa5 76.Be2 Kb4 77.Kxa6 Kc3 78.Kb5 Kd4 79.Bd1 1/2-1/2

[Event "37th Asia-ch U20"]
[Site "Bishkek KGZ"]
[Date "2015.10.10"]
[Round "8.5"]
[White "Yakubboev, Nodirbek"]
[Black "Isakjanov, Kelsinbek"]
[Result "1-0"]
[WhiteElo "2342"]
[BlackElo "1986"]
[EventDate "2015.10.03"]
[PlyCount "43"]

1.e4 g6 2.d4 Bg7 3.Nf3 d6 4.c3 Nf6 5.Bd3 O-O 6.O-O Nc6 7.h3 e5 8.Re1 Ne8 
9.Bc2 Bd7 10.Be3 b6 11.Na3 Ne7 12.Bb3 Nf6 13.dxe5 dxe5 14.Nxe5 Be6 15.Bxe6
fxe6 16.Qb3 Qd6 17.Nac4 Qd8 18.Rad1 Qe8 19.Bg5 Kh8 20.Ne3 Neg8 21.Bxf6 
Nxf6 22.N3g4 1-0

[Event "37th Asia-ch U20"]
[Site "Bishkek KGZ"]
[Date "2015.10.10"]
[Round "8.6"]
[White "Isaev, Chyngyz"]
[Black "Turar, Dastan"]
[Result "0-1"]
[WhiteElo "2193"]
[BlackElo "2243"]
[EventDate "2015.10.03"]
[PlyCount "69"]

1.d4 Nf6 2.Bg5 Ne4 3.Bf4 e6 4.f3 Nf6 5.e4 d5 6.e5 Nfd7 7.h4 c5 8.c3 Nc6 9.
Bb5 Qa5 10.Bxc6 bxc6 11.h5 Be7 12.h6 g6 13.Ne2 O-O 14.O-O Ba6 15.a3 Bxe2 
16.Qxe2 Rab8 17.b4 cxb4 18.cxb4 Qb6 19.Nd2 Rfc8 20.Nb3 Rc7 21.Nc5 Bxc5 22.
bxc5 Qb2 23.Qd3 Rcb7 24.Rab1 Qxb1 25.Rxb1 Rxb1+ 26.Kh2 R8b3 27.Qa6 Rb7 28.
Qxc6 Nf8 29.Bg5 Rb8 30.Bf6 R1b7 31.Bg7 Nd7 32.Qd6 Nf8 33.c6 Rb6 34.c7 Rc8 
35.Bxf8 0-1

[Event "37th Asia-ch U20"]
[Site "Bishkek KGZ"]
[Date "2015.10.10"]
[Round "8.7"]
[White "Kenenbaev, Aidar"]
[Black "Isakjanov, Aibek"]
[Result "1-0"]
[WhiteElo "1991"]
[BlackElo "1832"]
[EventDate "2015.10.03"]
[PlyCount "49"]

1.Nf3 d5 2.g3 g6 3.Bg2 Bg7 4.O-O Nf6 5.d3 O-O 6.Nbd2 Re8 7.e4 dxe4 8.dxe4 
e5 9.Qe2 b6 10.Rd1 Ba6 11.Qe1 Nbd7 12.Nf1 Qe7 13.Ne3 c6 14.Nd2 Rad8 15.b3 
Nf8 16.Bb2 Bh6 17.Ndc4 Bxe3 18.Nxe3 N8d7 19.Qc3 c5 20.f4 Rc8 21.Nd5 Nxd5 
22.Rxd5 Bb7 23.fxe5 Bxd5 24.e6 Qf6 25.exd5 1-0

[Event "37th Asia-ch U20"]
[Site "Bishkek KGZ"]
[Date "2015.10.10"]
[Round "8.8"]
[White "Zhakypov, Artur"]
[Black "Jayasundara, P K U M"]
[Result "1/2-1/2"]
[WhiteElo "1613"]
[BlackElo "1955"]
[EventDate "2015.10.03"]
[PlyCount "41"]

1.e4 c5 2.Nf3 a6 3.d4 cxd4 4.Nxd4 e6 5.c4 Nf6 6.Nc3 d6 7.Be3 Be7 8.f3 Qc7 
9.Be2 b6 10.O-O Bb7 11.b3 Nbd7 12.Rc1 O-O 13.Bd3 Nc5 14.Bb1 Ncd7 15.Kh1 
Rfe8 16.Bg1 Rac8 17.Nce2 Ne5 18.Nc3 Ned7 19.Nce2 Ne5 20.Nc3 Ned7 21.Nce2 
1/2-1/2

[Event "37th Asia-ch U20"]
[Site "Bishkek KGZ"]
[Date "2015.10.11"]
[Round "9.1"]
[White "Mosadeghpour, Masoud"]
[Black "Kenenbaev, Aidar"]
[Result "1-0"]
[WhiteElo "2420"]
[BlackElo "1991"]
[EventDate "2015.10.03"]
[PlyCount "51"]

1.e4 c5 2.d4 cxd4 3.c3 Nf6 4.e5 Nd5 5.Nf3 e6 6.cxd4 d6 7.a3 Nc6 8.Bd3 Be7 
9.O-O Qc7 10.Qe2 b6 11.Bd2 Bb7 12.Rc1 Rc8 13.Nc3 Nxc3 14.Rxc3 Qb8 15.d5 
Nxe5 16.Nxe5 dxe5 17.dxe6 O-O 18.exf7+ Rxf7 19.Bc4 Rxc4 20.Qxc4 Qf8 21.Qe6
Bc5 22.Be3 Bxe3 23.Rxe3 Kh8 24.f3 Re7 25.Qd6 Qe8 26.Rd1 1-0

[Event "37th Asia-ch U20"]
[Site "Bishkek KGZ"]
[Date "2015.10.11"]
[Round "9.2"]
[White "Sunilduth Lyna, Narayanan"]
[Black "Turar, Dastan"]
[Result "1-0"]
[WhiteElo "2476"]
[BlackElo "2243"]
[EventDate "2015.10.03"]
[PlyCount "62"]

1.d4 Nf6 2.c4 g6 3.g3 Bg7 4.Bg2 d6 5.Nc3 O-O 6.Nf3 c5 7.O-O Nc6 8.dxc5 
dxc5 9.Be3 Be6 10.Qa4 Qa5 11.Qxa5 Nxa5 12.Bxc5 Bxc4 13.Ne5 Ba6 14.Rac1 
Rfc8 15.Bxe7 Re8 16.Bd6 Re6 17.Bc7 Ne8 18.Bxa5 Rxe5 19.b4 Rc8 20.b5 Bxb5 
21.Nxb5 Rxc1 22.Rxc1 Rxb5 23.Bd2 Rb2 24.Be3 Kf8 25.Bc5+ Kg8 26.Be3 Kf8 27.
a4 a5 28.Bd5 Ke7 29.Bc5+ Nd6 30.Rd1 Bf8 31.e4 f6 1-0

[Event "37th Asia-ch U20"]
[Site "Bishkek KGZ"]
[Date "2015.10.11"]
[Round "9.3"]
[White "Yuan Qingyu"]
[Black "Javanbakht, Nima"]
[Result "1-0"]
[WhiteElo "2382"]
[BlackElo "2401"]
[EventDate "2015.10.03"]
[PlyCount "106"]

1.c4 e6 2.Nf3 d5 3.d4 Nf6 4.Nc3 c6 5.e3 Nbd7 6.Qc2 Bd6 7.b3 O-O 8.Bb2 e5 
9.cxd5 cxd5 10.Nb5 Bb4+ 11.Bc3 Bxc3+ 12.Nxc3 e4 13.Nd2 a6 14.Be2 b5 15.b4 
Nb6 16.a4 Bg4 17.Bxg4 Nxg4 18.h3 Nf6 19.O-O Qd7 20.Nb3 Nc4 21.Ra2 Qc6 22.
Rfa1 h5 23.Nc5 Rfb8 24.Qc1 g5 25.axb5 axb5 26.Ra7 Rxa7 27.Rxa7 Rb6 28.Qa1 
g4 29.Ra6 gxh3 30.Rxb6 h2+ 31.Kxh2 Nxb6 32.Kg1 Ng4 33.Ne2 Qf6 34.Nf4 Qh4 
35.Nh3 Kg7 36.Ne6+ fxe6 37.Qa7+ Kh8 38.Qb8+ Kg7 39.Qxb6 Qe7 40.Qxb5 Qc7 
41.Nf4 Qc1+ 42.Qf1 Qd2 43.Nxe6+ Kh7 44.Nf4 h4 45.Nxd5 Nh6 46.b5 Nf5 47.Nf4
Nxd4 48.exd4 Qxf4 49.Qe2 Kg6 50.Qe3 Qg4 51.Kh2 Qe6 52.Qf4 Qd5 53.Qe5 Qd8 
1-0

[Event "37th Asia-ch U20"]
[Site "Bishkek KGZ"]
[Date "2015.10.11"]
[Round "9.4"]
[White "Taalaibekov, Tagir"]
[Black "Yakubboev, Nodirbek"]
[Result "1/2-1/2"]
[WhiteElo "2202"]
[BlackElo "2342"]
[EventDate "2015.10.03"]
[PlyCount "58"]

1.d4 Nf6 2.Bf4 d5 3.e3 c5 4.Nf3 Nc6 5.c3 Qb6 6.Qb3 c4 7.Qxb6 axb6 8.Nbd2 
Bf5 9.h3 h6 10.a3 g5 11.Bg3 Bg7 12.Be2 O-O 13.O-O Nd7 14.Nh2 e5 15.dxe5 
Ndxe5 16.Nhf3 Nd3 17.Bxd3 Bxd3 18.Rfe1 f5 19.Bc7 Ra6 20.Nd4 Rf7 21.Bd6 Ra8
22.N2f3 Rd8 23.Bh2 Re8 24.Nb5 Ree7 25.Nfd4 Kh7 26.Nd6 Rf8 27.N6b5 Rff7 28.
Nd6 Rf8 29.N6b5 Rff7 1/2-1/2

[Event "37th Asia-ch U20"]
[Site "Bishkek KGZ"]
[Date "2015.10.11"]
[Round "9.5"]
[White "Harsha, Bharathakoti"]
[Black "Sezdbekov, Ruslan"]
[Result "1-0"]
[WhiteElo "2384"]
[BlackElo "1818"]
[EventDate "2015.10.03"]
[PlyCount "67"]

1.d4 f5 2.c4 Nf6 3.Nf3 e6 4.e3 b6 5.Nc3 Bb4 6.g3 Bb7 7.Bg2 O-O 8.a3 Be7 9.
b4 d5 10.O-O c6 11.c5 bxc5 12.bxc5 Ne4 13.Bb2 Nxc3 14.Bxc3 Na6 15.Ne5 Nc7 
16.f4 Bf6 17.Qb3 Rb8 18.Rab1 Ba8 19.Qa4 Rxb1 20.Rxb1 Bxe5 21.fxe5 g5 22.
Qxa7 Nb5 23.Rxb5 cxb5 24.Qa6 Re8 25.Qxb5 Qb8 26.a4 Qxb5 27.axb5 Rc8 28.c6 
Rb8 29.c7 Rc8 30.b6 Bb7 31.Bf1 Ra8 32.Bb5 Ra3 33.Bc6 Bc8 34.b7 1-0

[Event "37th Asia-ch U20"]
[Site "Bishkek KGZ"]
[Date "2015.10.11"]
[Round "9.6"]
[White "Chakravarthi Reddy, M"]
[Black "Isaev, Chyngyz"]
[Result "1-0"]
[WhiteElo "2195"]
[BlackElo "2193"]
[EventDate "2015.10.03"]
[PlyCount "53"]

1.b3 d5 2.Bb2 Bg4 3.f3 Bf5 4.e3 Nd7 5.Nc3 c6 6.d4 Bg6 7.h4 h5 8.Bd3 Bxd3 
9.Qxd3 Ngf6 10.Nge2 c5 11.O-O-O cxd4 12.exd4 e6 13.g4 hxg4 14.fxg4 Nxg4 
15.Nf4 Nf2 16.Qe3 Nxh1 17.Ncxd5 Be7 18.Nxe6 fxe6 19.Qxe6 Nf2 20.Ba3 Nf8 
21.Qe1 Nxd1 22.Bxe7 Qd7 23.Bxf8+ Kf7 24.Qf1+ Nf2 25.Qxf2+ Kg8 26.Ne7+ Kh7 
27.Qf7 1-0

[Event "37th Asia-ch U20"]
[Site "Bishkek KGZ"]
[Date "2015.10.11"]
[Round "9.7"]
[White "Kabilov, Amin"]
[Black "Mamatov, Melis"]
[Result "0-1"]
[WhiteElo "2180"]
[BlackElo "2096"]
[EventDate "2015.10.03"]
[PlyCount "78"]

1.Nf3 c5 2.g3 g6 3.Bg2 Bg7 4.O-O Nf6 5.d3 Nc6 6.e4 O-O 7.c3 d6 8.h3 Rb8 9.
Be3 c4 10.dxc4 Nxe4 11.Nd4 f5 12.Nd2 Ne5 13.Nxe4 fxe4 14.Bxe4 Bxh3 15.Bd5+
Kh8 16.Ne6 Bxe6 17.Bxe6 Qc7 18.Qd5 b6 19.Kg2 Qb7 20.Qxb7 Rxb7 21.Rh1 h5 
22.g4 Rf6 23.Bd5 Rc7 24.Bg5 Nxg4 25.Bxf6 Bxf6 26.Rae1 Kg7 27.Re4 Ne5 28.
Rd1 Nd7 29.f4 e5 30.fxe5 Bxe5 31.Rf1 Nf6 32.Re2 g5 33.a4 g4 34.Rh1 Kg6 35.
Rf2 Kg5 36.Be6 Re7 37.Bc8 Re8 38.Bf5 h4 39.Bxg4 Nxg4 0-1

[Event "37th Asia-ch U20"]
[Site "Bishkek KGZ"]
[Date "2015.10.11"]
[Round "9.10"]
[White "Isakjanov, Aibek"]
[Black "Akunov, Maksat"]
[Result "1-0"]
[WhiteElo "1986"]
[BlackElo "1881"]
[EventDate "2015.10.03"]
[PlyCount "65"]

1.e4 c5 2.c3 Nf6 3.e5 Nd5 4.d4 cxd4 5.cxd4 e6 6.Bc4 Nb6 7.Bd3 Bb4+ 8.Bd2 
Be7 9.Nf3 O-O 10.Nc3 d6 11.Qe2 dxe5 12.dxe5 Bd7 13.O-O Bc6 14.Rfd1 N8d7 
15.Bf4 Nd5 16.Bg3 Nxc3 17.bxc3 Qa5 18.Nd4 Ba4 19.Nb3 Bxb3 20.axb3 Qxc3 21.
Rac1 Qb4 22.Bxh7+ Kxh7 23.Rxd7 Rae8 24.Rcc7 Kg8 25.h4 b5 26.h5 a5 27.h6 
gxh6 28.Qh5 Kh7 29.f4 a4 30.Bh4 Bxh4 31.Rxf7+ Rxf7 32.Qxf7+ Kh8 33.Qg7# 
1-0